00878 2200301 4500001002100000005001500021035002000036007000300056008004100059020002200100082001400122084001600136100002900152245007300181250003500254300002900289650002000318700002600338264003800364336002100402337003000423338002300453040002200476090002200498850001200520999002200532990002200554INLIS00000000087215520220824113917 a0010-0822000760ta220824s2021 yoi g ind d a978-623-5680-86-604223a809.8 a809.8 AST m0 aAsti SeptianaePengarang10aMarshmallow hidup yang ajaib /cAsti Septiana; penyunting, Taufik A. aCetakan pertama, Desember 2021 avi, 172 halaman ;c20 cm 4aKisah kehidupan0 aTaufik A.ePenyunting31aSleman :bPustaka Egaliter,c2021 2rdacontentateks 2rdamediaatanpa perantara 2rdacarrieravolume aYOPDYOGbinderda aCB-D.11 2021-3408 aYOPDYOG aCB-D.11/2021-3408 aCB-D.11/2021-3408